000 00720nam a2200253 i 4500
001 C2-0222830
003 PPAK
005 20180728151845.0
008 000125s1997 nyu |||| ||||| | eng d
020 _a0028614062
040 _aPPAK
_beng
_cPPAK
_erda
082 0 4 _a658.4092
_223
090 0 0 _a658.4092
_bDUB
_dR
100 1 _aDubrin, Andrew J.,
_eauthor
245 1 0 _a10 minute guide to effective leadership
264 1 _aNew York :
_bMacmillan Spectrum/Alpha Books ,
_c1997
300 _ax, 134 pages ;
_c22 cm
336 _2rdacontent
_atext
337 _2rdamedia
_aunmediated
338 _2rdacarrier
_avolume
500 _aIncludes index
650 1 0 _aLeadership ; Employee motivation
942 _ddc
_cB
999 _c144054
_d144054